| 000 | 00371 a2200169 4500 | ||
|---|---|---|---|
| 001 | 175162 | ||
| 020 | _a85-262-4688-7 | ||
| 040 | _cMagnum | ||
| 100 | _aSanta Rosa, Nereide Schilaro | ||
| 240 | 1 | 0 |
_aA arte de olhar animais _lpor |
| 245 | 1 | 0 | _aA arte de olhar animais |
| 300 | _a47 | ||
| 362 | 0 | _a2003 | |
| 440 | 1 | _aScipione | |
| 697 | _aMISCELÂNEA | ||
| 942 | _cBK | ||
| 999 |
_c175162 _d175162 |
||